Polska reprezentacja w piłce nożnej mężczyzn - Statystyki

Ogólne statystyki
  • Ten quiz został rozwiązany 752 razy
    85 od ostatniego zresetowania
  • Średni wynik to 20 z 39
Statystyki odpowiedzi
Odpowiedź: % Poprawnych
Robert Lewandowski
93%
Kamil Grabara
89%
Jan Urban
87%
Piotr Zieliński
82%
Łukasz Skorupski
80%
Bartłomiej Drągowski
79%
Jakub Kiwior
79%
Nicola Zalewski
79%
Jan Bednarek
77%
Karol Świderski
77%
Matty Cash
77%
Adam Buksa
72%
Krzysztof Piątek
72%
Sebastian Szymański
67%
Marcin Bułka
64%
Przemysław Wiśniewski
61%
Jakub Kamiński
56%
Przemysław Frankowski
54%
Tomasz Kędziora
54%
Bartosz Mrozek
48%
Bartosz Slisz
48%
Jan Ziółkowski
48%
Kamil Grosicki
48%
Bartosz Bereszyński
46%
Paweł Wszołek
44%
Jakub Moder
43%
Bartosz Kapustka
39%
Kacper Urbański
39%
Jakub Piotrowski
38%
Paweł Dawidowicz
34%
Kamil Piątkowski
33%
Mateusz Kochalski
33%
Mateusz Skrzypczak
21%
Maxi Oyedele
20%
Arkadiusz Pyrka
16%
Sebastian Walukiewicz
16%
Mateusz Wieteska
15%
Mateusz Bogusz
11%
Oskar Repka
10%
Nie znaleziono quizów pasujących do podanych kryteriów
Rozkład punktacji
Procent ludzi z każdym wynikiem
Percentyl według liczby udzielonych odpowiedzi
Twoja historia wyników
Nie rozwiązałeś tego quizu od ostatniego zresetowania